Statystyki dla Najcenniejsze marki odzieżowe na świecie

Kliknij tutaj aby rozwiązać quiz!

Ogólne statystyki

  • Ten quiz został rozwiązany 1 262 razy
  • Średni wynik to 3 z 10

Statystyki odpowiedzi

PochodzenieWartość w miliardach $Marka% Poprawnych
Włochy33.8 MLD $Gucci
94%
Francja75.7 MLD $Louis Vuitton
55%
Włochy4.0 MLD $Prada
48%
Francja5.4 MLD $Christian Dior
37%
Francja47.0 MLD $Chanel
35%
Szwajcaria8.1 MLD $Rolex
20%
Francja46.4 MLD $Hermes
11%
Wielka Brytania3.9 MLD $Burberry
10%
Francja7.3 MLD $Cartier
5%
Francja5.2 MLD $Saint Laurent
4%

Rozkład punktacji

Percentyl według liczby udzielonych odpowiedzi

Procent ludzi z każdym wynikiem

Twoja historia wyników

Nie rozwiązałeś tego quizu